000 00262nam a2200109Ia 4500
005 20251222152611.0
008 251222s9999||||xx |||||||||||||| ||spa||
020 _a8480021845
082 _a344.010.269/R22
245 0 _aCurso de Derecho del Trabajo
942 _cLIB
999 _c26972
_d26972